| 000 | 00567nam a2200181 4500 | ||
|---|---|---|---|
| 001 | 175945 | ||
| 003 | ES-MaACL | ||
| 005 | 20230906215941.0 | ||
| 008 | 101201s1988 sp c |||| |dspa d | ||
| 020 | _a84-404-2949-5 | ||
| 080 | _a821.134.2-14"19" | ||
| 100 | 1 |
_aEsteban Lobato, Gregorio. _9144149 |
|
| 245 | 1 | 0 |
_aLago sumido / _cGregorio Esteban Lobato ; [ilustraciones, Salomé de Paz]. |
| 260 |
_aPonferrada : _bSeja, _c1988 ( _fG. Alonso) |
||
| 300 |
_a28 p. : _b1 retr., il. ; _c23 cm. |
||
| 700 | 1 |
_aPaz, Salomé de. _9144150 |
|
| 852 |
_aES-MaACL _j2304-F-9 |
||
| 999 |
_c175945 _d175945 |
||